• 首页
  • 本馆介绍
  • 公告通知
  • 最新文献
  • 馆藏检索
  • 电子资源
  • 读者导购
  • 参考咨询
  • 我的图书馆
  • 登录
  • 详细信息显示
  • 放入我的书架
  • 预约/预借图书
  • 作者相关作品
  • 分类相关作品
  • 丛书相关作品
  • 出版社相关作品

书目信息

  • 表格格式
  • 工作单格式
  • 卡片格式
题名:
小屯南地甲骨考释
    
 
作者: 姚孝遂 , 肖丁 著
分册:  
出版信息: 北京   中华书局  1985
页数: 373页
开本: 26cm
丛书名: 吉林大学古籍研究所丛刊
单 册:
中图分类: K877.14
科图分类:
主题词: 文物--考古--中国
电子资源:
ISBN:
000 00758nam2 2200277 45
001 0185009774
005 20040510094734.9
010    @dCNY7.00
091    @a9018.185
100    @a19901008d1985 kemy0chiy0121 ea
101 0  @achi
102    @aCN@b110000
105    @ay z 000yy
106    @ar
200 10 @a小屯南地甲骨考释@Axiao tun nan di jia gu kao shi@f姚孝遂, 肖丁著
210    @a北京@c中华书局@d1985
215    @a373页@d26cm
225 2  @a吉林大学古籍研究所丛刊
410  0 @120010@a吉林大学古籍研究所丛刊
606 0  @a文物@x考古@x中国
690    @aK877.14
701  0 @a姚孝遂@Ayao xiao sui@4著
701  0 @a肖丁@Axiao ding@4著
801  0 @aCN@b深圳图书馆@c20040510
801  2 @aCN@bNLC@c20040510
905    @f2@b172528-529@dK877.14@e48
    
    小屯南地甲骨考释/姚孝遂, 肖丁著.-北京:中华书局,1985
    373页;26cm.-(吉林大学古籍研究所丛刊)
    
    
    ISBN :CNY7.00
    
●
相关链接 在E读中查询图书 在五车中查询图书 在当当中查询图书 在豆瓣中查询图书


正题名:小屯南地甲骨考释     索取号:K877.14/48         预约/预借

序号 登录号 条形码 馆藏地/架位号 状态 备注
1 0172528   001551181   密集书库/ [索取号:K877.14/48] 在馆    
2 0172529   001551190   密集书库/ [索取号:K877.14/48] 在馆    
3 0172530   001551172   第二样本阅览室/ [索取号:K877.14/48] 在馆    
唐山师范学院图书馆 欢迎您!
大连网信软件有限公司© 版权所有